US States by Most Counties with Unique Names - Statistics

General Stats
  • This quiz has been taken 43 times
  • The average score is 38 of 48
Answer Stats
Number of Counties % of total counties Examples Answer % Correct
155 61.02% Brewster, Lampasas, Maverick, Tarrant, Deaf Smith Texas
95%
45 47.37% Appomattox, Fairfax, Hanover, Southampton, Prince George Virginia
92%
49 84.48% Santa Clara, Merced, Imperial, Del Norte, Siskiyou California
89%
31 46.27% Pinellas, Alachua, Gulf, Okeechobee, St. Lucie Florida
89%
6 42.86% Dukes, Nantucket, Norfolk, Barnstable Massachusetts
89%
18 54.55% Los Alamos, Sandoval, Chaves, Torrance, Doña Ana New Mexico
89%
37 57.81% Pueblo, Baca, Montezuma, Broomfield, Arapahoe Colorado
86%
5 62.50% Hartford, New London, Litchfield Connecticut
86%
5 100.00% Maui, Kalawao, Honolulu Hawaii
86%
31 55.36% Ravalli, Cascade, Petroleum, Yellowstone, Daniels Montana
86%
12 80.00% Navajo, Pima, Coconino, La Paz, Gila Arizona
84%
61 38.36% Gwinnett, Troup, Chattooga, Heard, Butts Georgia
84%
53 63.86% Muskegon, Ingham, Alger, Oakland, Keweenaw Michigan
84%
24 38.71% Schenectady, Broome, Onondaga, Dutchess, Westchester New York
84%
29 54.72% Cavalier, Oliver, Grand Forks, Billings, Ransom North Dakota
84%
22 56.41% Cowlitz, Walla Walla, Island, Klickitat, Snohomish Washington
84%
1 33.33% New Castle Delaware
81%
28 63.64% Bannock, Shoshone, Boundary, Owyhee, Caribou Idaho
81%
22 21.57% DuPage, Sangamon, Rock Island, Kankakee, Iroquois Illinois
81%
8 50.00% Penobscot, Aroostook, Oxford, Androscoggin, Sagadahoc Maine
81%
30 36.59% Oktibbeha, Hinds, Alcorn, Yazoo, Itawamba Mississippi
81%
34 29.82% Ozark, Bollinger, St. Charles, New Madrid, Howell Missouri
81%
28 31.82% Pickaway, Athens, Coshocton, Sandusky, Licking Ohio
81%
24 35.82% Mifflin, Bucks, Lackawanna, Susquehanna, Lehigh Pennsylvania
81%
2 40.00% Newport Rhode Island
81%
16 23.88% Talladega, Colbert, Marengo, Autauga, Cullman Alabama
78%
23 25.00% Elkhart, Bartholomew, Tippecanoe, Hendricks, Vigo Indiana
78%
11 47.83% Anne Arundel, Harford, Wicomico, Charles, Cecil Maryland
78%
10 47.62% Salem, Hudson, Atlantic, Monmouth, Passaic New Jersey
78%
50 50.00% Guilford, Buncombe, Pasquotank, Dare, Catawba North Carolina
78%
16 55.17% Cache, Emery, Tooele, Daggett, Weber Utah
78%
8 57.14% Bennington, Windsor, Rutland, Chittenden, Addison Vermont
78%
34 47.22% Outagamie, Juneau, Manitowoc, Washburn, Calumet Wisconsin
78%
14 38.89% Josephine, Deschutes, Clackamas, Harney, Yamhill Oregon
76%
35 53.03% Yankton, Codington, Minnehaha, Hand, Bon Homme South Dakota
76%
17 30.91% Cabell, Wetzel, Monongalia, Kanawha, Raleigh West Virginia
76%
52 59.77% Koochiching, Anoka, Stearns, Olmsted, Goodhue Minnesota
73%
5 50.00% Cheshire, Merrimack, Belknap New Hampshire
73%
37 48.05% Rogers, Okmulgee, Kingfisher, Alfalfa, Muskogee Oklahoma
73%
24 52.17% Lexington, Bamberg, Charleston, Horry, Williamsburg South Carolina
73%
27 27.27% Black Hawk, Keokuk, Sac, Woodbury, Cerro Gordo Iowa
70%
32 30.48% Shawnee, Doniphan, Cloud, Reno, Wabaunsee Kansas
70%
10 62.50% Nye, Washoe, Churchill, Esmeralda, White Pine Nevada
70%
34 36.56% Cherry, Loup, Sarpy, Hitchcock, Scotts Bluff Nebraska
68%
25 33.33% Sebastian, Craighead, Ashley, Faulkner, Izard Arkansas
65%
22 23.16% Overton, Dyer, Unicoi, Bledsoe, McNairy Tennessee
65%
11 47.83% Sweetwater, Natrona, Niobrara, Converse, Weston Wyoming
62%
35 29.17% Garrard, Laurel, Wolfe, Bullitt, Elliott Kentucky
59%
No matching quizzes found
Score Distribution
Percent of People with Each Score
Percentile by Number Answered
Your Score History
You have not taken this quiz